000 00258nam a2200109Ia 4500
008 200302s9999 xx 000 0 und d
100 _aErnst Lehner
245 _aSymbols, Signs & Signets
260 _bDover Publications Inc.,
260 _c1950
300 _a221 P.,
999 _c81
_d81